000 00972nam a22002531i 4500
003 SA-RiAUC
005 20260215125745.0
008 260211s1909 ua g 000 0 ara c
040 _aSA-JeALM
_bara
_cSA-RiAUC
_erda
050 1 4 _b.S522 1909
082 0 4 _a252.5
090 _aم ن 252.5
_bن و و
100 1 _aالنووى الشافعي، أبي زكريا محي الدين،
_eمؤلف.
245 1 0 _aكتاب الإيضاح في المناسك /
_cتأليف أبي زكريا محي الدين النووى.
264 1 _aمكة المكرمة :
_bالمطبعة الميرية الكائنة،
_c[1900]
300 _a86 صفحة؛
_c29 سم.
336 _aنص
_btxt
_2rdacontent
_3كتاب
337 _aبدون وسيط
_bn
_2rdamedia
338 _aمجلد
_bnc
_2rdacarrier
650 7 _aالفقه الإسلامي
_xمذاهب
_2aucsh
650 7 _aالحج
_2aucsh
942 _2ddc
_cRBOOK COPY
_n0
949 _aSA-JeALM
_d260211
_umohamedma123
_n1
999 _c14332
_d14332